Normal view
MARC view
- الاقتصاد-التحليل الاقتصادي
Entry Topical Term
001 - CONTROL NUMBER
- control field: 33367
003 - CONTROL NUMBER IDENTIFIER
- control field: JO-AjAnu
005 - DATE AND TIME OF LATEST TRANSACTION
- control field: 20230606075611.0
008 - FIXED-LENGTH DATA ELEMENTS
- fixed length control field: 230606|| aca||aabn | a|a d
040 ## - CATALOGING SOURCE
- Original cataloging agency: JO-AjAnu
- Transcribing agency: JO-AjAnu
150 ## - HEADING--TOPICAL TERM
- Topical term or geographic name entry element: الاقتصاد-التحليل الاقتصادي
670 ## - SOURCE DATA FOUND
- Source citation: Work cat.: (JO-AjAnu)17141: السمان،محمد مروان/محمد ظافر محبك/احمد زهير شامية, author 33366, مبادىء التحليل الاقتصادي :الكلي والجزئي